Report on low test gasoline specifications.
| Corporate Author: | |
|---|---|
| Format: | Government Document eBook |
| Language: | English |
| Published: |
Washington :
U.S. GPO,
1921.
|
| Series: | Air Service Info. Circ. Aviation No. 165
Material Section Rpt. No. 120 McCook Field Rpt. Serial No. 1504 |
| Subjects: | |
| Online Access: | Connect to the full text of this electronic document |
MARC
| Tag | First Indicator | Second Indicator | Subfields |
|---|---|---|---|
| LEADER | 00000cam a22000001a 4500 | ||
| 001 | in00003702321 | ||
| 005 | 20190408182548.0 | ||
| 006 | m o d f | ||
| 007 | cr bn mmmapmmp | ||
| 008 | 040322s1921 dcu o f000 0 eng d | ||
| 035 | |a ebd1910312314 | ||
| 040 | |a UMI |c UMI |d UtOrBLW | ||
| 086 | 0 | |a W 87.11/2:2/165 | |
| 099 | |a W87.11-2.165 | ||
| 245 | 0 | 0 | |a Report on low test gasoline specifications. |
| 264 | 1 | |a Washington : |b U.S. GPO, |c 1921. | |
| 300 | |a 1 online resource (4 pages) | ||
| 336 | |a text |b txt |2 rdacontent | ||
| 337 | |a computer |b c |2 rdamedia | ||
| 338 | |a online resource |b cr |2 rdacarrier | ||
| 490 | 0 | |a Air Service Info. Circ. Aviation No. 165 | |
| 490 | 0 | |a Material Section Rpt. No. 120 | |
| 490 | 0 | |a McCook Field Rpt. Serial No. 1504 | |
| 500 | |a [on aviation fuel; with data]. | ||
| 500 | |a Record is based on bibliographic data in ProQuest U.S. Executive Branch Documents, 1910-1932. Reuse except for individual research requires license from ProQuest, LLC. | ||
| 533 | |a Electronic reproduction. |b [Bethesda, Md.] : |c ProQuest, |d 2012. |e digital, PDF file. |n ProQuest U.S. Executive Branch Documents, 1910-1932. |n Mode of access: World Wide Web via ProQuest website. | ||
| 538 | |a System requirements: PDF reader software. | ||
| 500 | |a Electronic resource. | ||
| 650 | 0 | |a Airplanes |x Fuel. |0 http://id.loc.gov/authorities/subjects/sh85002814 | |
| 650 | 0 | |a Specifications. |0 http://id.loc.gov/authorities/subjects/sh85126393 | |
| 655 | 7 | |a Electronic books. |2 local | |
| 710 | 1 | |a United States. |b Army. |b Air Corps. |0 http://id.loc.gov/authorities/names/n80126026 | |
| 776 | 1 | 8 | |i Microfiche version: |t Report on low test gasoline specifications |o CIS US Exec MF W87.11-2.165 |w (ProQuest)cis191308786 |
| 856 | 4 | 0 | |u http://proxy.library.tamu.edu/login?url=http://congressional.proquest.com/congressional/docview/t66.d71.w87.11-2.165 |z Connect to the full text of this electronic document |t 0 |
| 999 | f | f | |s f9822ced-0828-3f98-9aab-26feb41f595c |i d64a7b47-8c4f-3d6e-83fe-577a09ca8a06 |t 0 |
| 952 | f | f | |a Texas A&M University |b College Station |c Electronic Resources |d Available Online |t 0 |h No information provided |
| 998 | f | f | |t 0 |l Available Online |